Central Library OPAC University of Rajshahi

حسن الاسوة بما ثبت من الله ورسوله في النسوة ;; Ḥusn al-uswah bi-mā thabata min Allāh wa-Rasūlihi fī al-niswah / (Record no. 79009)

MARC details
000 -LEADER
fixed length control field 01060cam a2200205 a 4500
003 - CONTROL NUMBER IDENTIFIER
rucl marc code BD-RjUL
005 - DATE AND TIME OF LATEST TRANSACTION
control field 20211215165748.0
008 - FIXED-LENGTH DATA ELEMENTS--GENERAL INFORMATION
fixed length control field 211215s1976 le b 00010 ara
035 ## - SYSTEM CONTROL NUMBER
System control number (BD-RjUL)
040 ## - CATALOGING SOURCE
Original cataloging agency DLC-R
Transcribing agency DLC-R
Modifying agency DLC
Language of cataloging eng
041 ## - LANGUAGE CODE
Language code of text/sound track or separate title ara
082 ## - DEWEY DECIMAL CLASSIFICATION NUMBER
Edition number 23
Classification number 297.082
Author mark and year KHH 1976
100 0# - MAIN ENTRY--PERSONAL NAME
Personal name خان صدّيق حسن ;; khan, Ṣiddīq Ḥasan,
Dates associated with a name 1832-1890.
9 (RLIN) 216
245 10 - TITLE STATEMENT
Title حسن الاسوة بما ثبت من الله ورسوله في النسوة ;; Ḥusn al-uswah bi-mā thabata min Allāh wa-Rasūlihi fī al-niswah /
Statement of responsibility, etc. تأليف محمد صديق حسن خان القنوجي البخاري ؛ حققه وعلق عليه مصطفى الخن، محيي الدين مستو.;; taʼlīf Muḥammad Ṣiddīq Ḥasan Khān al-Qannawjī al-Bukhārī ; ḥaqqaqahu wa-ʻallaqa ʻalayhi Muṣṭafá al-Khinn, Muḥyī al-Dīn Mastū.
260 ## - PUBLICATION, DISTRIBUTION, ETC. (IMPRINT)
Linkage 880-03
Place of publication, distribution, etc. Bayrūt :
Name of publisher, distributor, etc. Muʼassasat al-Risālah,
Date of publication, distribution, etc. 1976.
300 ## - PHYSICAL DESCRIPTION
Pagination 312 p. ;
Size 23 cm.
504 ## - BIBLIOGRAPHY, ETC. NOTE
Bibliography, etc Includes bibliographical references.
650 #0 - SUBJECT ADDED ENTRY--TOPICAL TERM
Topical term or geographic name as entry element Muslim women.
9 (RLIN) 217
942 ## - ADDED ENTRY ELEMENTS (KOHA)
Source of classification or shelving scheme Dewey Decimal Classification
Koha item type Books
Holdings
Lost status Source of classification or shelving scheme Damaged status Not for loan Collection code Permanent Location Current Location Shelving location Date acquired Total Checkouts Full call number Date last seen Copy number Koha item type
  Dewey Decimal Classification   Not For Loan Non-fiction Central Library, University of Rajshahi Central Library, University of Rajshahi Reading Room 15/12/2021   A 297.082 KHH 1976 15/12/2021 C-1 Books